000 00318 a2200157 4500
001 158053
020 _a
040 _cMagnum
100 _a-
240 1 0 _aDicionarios de simbolos
_lpor
245 1 0 _aDicionarios de simbolos
362 0 _a1899
440 1 _aJosé Olympio
697 _aDICIONARIOS
942 _cBK
999 _c158053
_d158053